[Event "DEM U16w 2004"]
[Site "Willingen GER"]
[Date "2004.06.02"]
[Round "6"]
[White "Dauer, Christina"]
[Black "Reiske, Anne"]
[Result "0-1"]
[Termination "normal"]
[Board "8"]
[WhiteElo "1563"]
[BlackElo "1842"]
[PlyCount "90"]
[WhiteFideId "24609781"]
[BlackFideId "24635472"]
[EventCountry "GER"]
[EventRounds "9"]
[EventType "swiss"]
[EventDate "2004.05.29"]

1. e4 e5 2. Nf3 Nf6 3. Nxe5 d6 4. Nf3 Nxe4 5. Nc3 Nf6 6. d4 d5 7. Bd3 Be6 8.
O-O Be7 9. Re1 Nc6 10. h3 h6 11. Bf4 a6 12. a3 O-O 13. Qd2 Re8 14. Nd1 Bd6 15.
c3 Bxf4 16. Qxf4 Nh5 17. Qd2 Qf6 18. Ne5 Nf4 19. Re3 Qg5 20. Ng4 h5 21. h4 Qxg4
22. Rg3 Qxh4 23. Ne3 Nxd3 24. Qxd3 Qf6 25. Rf3 Qg6 26. Qxg6 fxg6 27. Rg3 Bf7
28. b4 Na7 29. Rg5 Rad8 30. a4 c6 31. Rb1 Rd7 32. Kh2 Kh7 33. Kh3 Kh6 34. Re5
Rxe5 35. dxe5 d4 36. cxd4 Rxd4 37. g4 Be6 38. Kg3 hxg4 39. f4 gxf3 40. Kxf3 g5
41. Rh1+ Kg6 42. Rb1 Bd5+ 43. Nxd5 cxd5 44. b5 axb5 45. axb5 Rc4 0-1

[Event "DEM U16w 2004"]
[Site "Willingen GER"]
[Date "2004.06.02"]
[Round "6"]
[White "Albano Jeremias, Bianca"]
[Black "Tischer, Jana"]
[Result "1-0"]
[Termination "normal"]
[Board "9"]
[WhiteElo "1694"]
[BlackElo "1721"]
[PlyCount "67"]
[WhiteFideId "24634247"]
[BlackFideId "24617164"]
[EventCountry "GER"]
[EventRounds "9"]
[EventType "swiss"]
[EventDate "2004.05.29"]

1. e4 c5 2. Nf3 Nc6 3. d4 cxd4 4. Nxd4 g6 5. Nc3 Bg7 6. Nb3 Nf6 7. Be2 O-O 8.
O-O a5 9. a4 Nb4 10. Re1 d5 11. exd5 Nfxd5 12. Nxd5 Nxd5 13. c3 e5 14. Bc4 Nb6
15. Qxd8 Rxd8 16. Bg5 Rd6 17. Bb5 f6 18. Be3 Be6 19. Bc5 Nc8 20. Bxd6 Nxd6 21.
Nc5 Bf7 22. Be2 Rc8 23. Rad1 Bf8 24. Nd7 Be7 25. Nxf6+ Bxf6 26. Rxd6 Bg7 27.
Rd7 Be8 28. Rxb7 Bxa4 29. Ra1 Bc2 30. Rxa5 Rd8 31. Raa7 Bf6 32. Bc4+ Kf8 33.
Rf7+ Ke8 34. Bb5+ 1-0

[Event "DEM U16w 2004"]
[Site "Willingen GER"]
[Date "2004.06.02"]
[Round "6"]
[White "Imas, Denisa"]
[Black "Rath, Alina"]
[Result "0-1"]
[Termination "normal"]
[Board "10"]
[WhiteElo "1063"]
[BlackElo "1685"]
[PlyCount "112"]
[BlackFideId "24607886"]
[EventCountry "GER"]
[EventRounds "9"]
[EventType "swiss"]
[EventDate "2004.05.29"]

1. d4 d5 2. c4 c6 3. Nc3 Nf6 4. Bf4 dxc4 5. e4 b5 6. b4 e6 7. a3 a5 8. Nf3 axb4
9. axb4 Rxa1 10. Qxa1 Bxb4 11. Qb2 Bxc3+ 12. Qxc3 Nxe4 13. Qe3 Qa5+ 14. Nd2
Nxd2 15. Qxd2 Qxd2+ 16. Kxd2 O-O 17. Bxb8 Ba6 18. Bf4 Rd8 19. Kc3 b4+ 20. Kxb4
Rxd4 21. Be3 Rd1 22. g3 Bb7 23. Bg2 Rxh1 24. Bxh1 c5+ 25. Kxc4 Bxh1 26. Bxc5 f6
27. Kd4 Kf7 28. f4 h6 29. Bb4 g5 30. Bd2 gxf4 31. Bxf4 e5+ 32. Bxe5 fxe5+ 33.
Kxe5 Kg6 34. Kf4 Bc6 35. Kg4 Bd7+ 36. Kh4 Bc8 37. h3 Be6 38. g4 Bc4 39. Kg3 Bf1
40. h4 Bb5 41. Kf4 Bd7 42. g5 h5 43. Ke5 Kf7 44. Kd6 Bf5 45. Ke5 Bg6 46. Kd6
Bc2 47. Kd7 Bd3 48. Kd6 Bb5 49. Ke5 Ke7 50. g6 Bd3 51. Kd4 Bxg6 52. Ke5 Bc2 53.
Kf4 Kf6 54. Kg3 Ke5 55. Kf3 Kf5 56. Kg3 Ke4 0-1

[Event "DEM U16w 2004"]
[Site "Willingen GER"]
[Date "2004.06.02"]
[Round "6"]
[White "Donner, Lioba"]
[Black "Janiesch, Maike"]
[Result "1/2-1/2"]
[Termination "normal"]
[Board "12"]
[WhiteElo "1524"]
[BlackElo "1361"]
[PlyCount "46"]
[EventCountry "GER"]
[EventRounds "9"]
[EventType "swiss"]
[EventDate "2004.05.29"]

1. e4 e5 2. Nc3 Nf6 3. f4 d6 4. d3 Nc6 5. Nf3 Be7 6. Be2 Bg4 7. h3 Bxf3 8. Bxf3
Qd7 9. fxe5 dxe5 10. Be3 Nd4 11. O-O Bc5 12. Bf2 O-O-O 13. Kh1 Bb6 14. Bg3 Rde8
15. Nd5 Nxd5 16. exd5 Nxf3 17. Qxf3 f6 18. c4 Bd4 19. Rab1 Qa4 20. a3 Kb8 21.
Bf2 Bxf2 22. Qxf2 Qb3 23. Qg3 Re7 1/2-1/2

[Event "DEM U16w 2004"]
[Site "Willingen GER"]
[Date "2004.06.02"]
[Round "6"]
[White "Nischik, Natascha"]
[Black "Popovic, Nathalie"]
[Result "1/2-1/2"]
[Termination "normal"]
[Board "13"]
[WhiteElo "1300"]
[BlackElo "1497"]
[PlyCount "39"]
[WhiteFideId "4633849"]
[BlackFideId "24630292"]
[EventCountry "GER"]
[EventRounds "9"]
[EventType "swiss"]
[EventDate "2004.05.29"]

1. c4 e5 2. Nc3 Nc6 3. Nf3 g6 4. g3 Bg7 5. Bg2 d6 6. d3 f5 7. Bd2 h6 8. Qc2 Nf6
9. a3 a5 10. e3 O-O 11. Qb3 Rb8 12. Nh4 Ne7 13. c5+ Kh8 14. c6 g5 15. Nf3 b6
16. Ng1 Ba6 17. Nb5 Ng6 18. Ne2 Qe7 19. Nec3 Bc8 20. Nd5 1/2-1/2

[Event "DEM U16w 2004"]
[Site "Willingen GER"]
[Date "2004.06.03"]
[Round "7"]
[White "Butschek, Tanja"]
[Black "Neldner, Uta"]
[Result "1-0"]
[Termination "normal"]
[Board "2"]
[WhiteElo "1748"]
[BlackElo "1683"]
[PlyCount "49"]
[WhiteFideId "24604640"]
[BlackFideId "24604070"]
[EventCountry "GER"]
[EventRounds "9"]
[EventType "swiss"]
[EventDate "2004.05.29"]

1. e4 Nf6 2. Nc3 d5 3. e5 d4 4. exf6 dxc3 5. bxc3 exf6 6. Nf3 Bg4 7. Be2 Bd6 8.
Nd4 Bd7 9. d3 c5 10. Nf3 O-O 11. O-O Bc6 12. d4 Qc7 13. Be3 Bd5 14. dxc5 Bxh2+
15. Nxh2 Rd8 16. Bd3 Nd7 17. Bxh7+ Kxh7 18. Qxd5 Ne5 19. Qe4+ Ng6 20. Rab1 Rab8
21. Nf3 Re8 22. Qg4 Rh8 23. g3 Rbe8 24. Kg2 Kg8 25. Rh1 1-0

[Event "DEM U16w 2004"]
[Site "Willingen GER"]
[Date "2004.06.03"]
[Round "7"]
[White "Großmann, Susan"]
[Black "Hofmann, Annett"]
[Result "1-0"]
[Termination "normal"]
[Board "3"]
[WhiteElo "1977"]
[BlackElo "1992"]
[PlyCount "99"]
[WhiteFideId "24608220"]
[BlackFideId "24603759"]
[EventCountry "GER"]
[EventRounds "9"]
[EventType "swiss"]
[EventDate "2004.05.29"]

1. e4 c5 2. d3 e6 3. g3 Nc6 4. Bg2 g6 5. f4 d6 6. Nf3 Bg7 7. O-O Nge7 8. c3 d5
9. e5 h5 10. Be3 d4 11. Bf2 Nf5 12. Re1 Bf8 13. Na3 Qd7 14. Ng5 Be7 15. Ne4 Na5
16. b4 cxb4 17. cxb4 Kf8 18. Nc2 Nc6 19. Rb1 b5 20. a4 a6 21. Nc5 Bxc5 22. bxc5
Rb8 23. axb5 axb5 24. Qe2 Nce7 25. Nb4 Bb7 26. Bxb7 Qxb7 27. Qe4 Kg7 28. Bxd4
Nxd4 29. Qxd4 Rhd8 30. Qe4 Nd5 31. Nxd5 Rxd5 32. d4 b4 33. Rec1 Qc6 34. Rb3 Qa4
35. Rcb1 Kf8 36. Qe3 Ke7 37. Qd2 Qc6 38. Rxb4 Rbd8 39. Qc3 R5d7 40. Ra1 Rc7 41.
Rba4 Qd5 42. Ra7 Rdd7 43. Rxc7 Rxc7 44. Ra6 Rb7 45. c6 Rb1+ 46. Kf2 Qh1 47.
Qc5+ Kd8 48. Ra8+ Kc7 49. Qd6+ Kb6 50. c7+ 1-0

[Event "DEM U16w 2004"]
[Site "Willingen GER"]
[Date "2004.06.03"]
[Round "7"]
[White "Ohme, Melanie"]
[Black "Stemmler, Lysan"]
[Result "1-0"]
[Termination "normal"]
[Board "4"]
[WhiteElo "2000"]
[BlackElo "1809"]
[PlyCount "49"]
[WhiteFideId "4690745"]
[BlackFideId "24622451"]
[EventCountry "GER"]
[EventRounds "9"]
[EventType "swiss"]
[EventDate "2004.05.29"]

1. e4 d6 2. d4 Nf6 3. Nc3 g6 4. Be3 Bg7 5. f3 c6 6. Qd2 e5 7. Nge2 Nbd7 8. Bh6
O-O 9. Bxg7 Kxg7 10. g4 b5 11. Ng3 Qa5 12. h4 exd4 13. Qxd4 Ne5 14. Be2 b4 15.
Nd1 Ba6 16. g5 Nfd7 17. f4 Bxe2 18. Nxe2 Rad8 19. fxe5 Nxe5 20. O-O Qb5 21. Ng3
Kg8 22. Qf2 d5 23. h5 Ng4 24. Qf4 Qc5+ 25. Kh1 1-0

[Event "DEM U16w 2004"]
[Site "Willingen GER"]
[Date "2004.06.03"]
[Round "7"]
[White "Reiske, Anne"]
[Black "Hoolt, Sarah"]
[Result "1/2-1/2"]
[Termination "normal"]
[Board "5"]
[WhiteElo "1842"]
[BlackElo "2074"]
[PlyCount "110"]
[WhiteFideId "24635472"]
[BlackFideId "24606812"]
[EventCountry "GER"]
[EventRounds "9"]
[EventType "swiss"]
[EventDate "2004.05.29"]

1. e4 c5 2. Nf3 Nc6 3. d4 cxd4 4. Nxd4 g6 5. Nb3 Bg7 6. Be2 Nf6 7. Nc3 O-O 8.
O-O a5 9. a4 Nb4 10. Re1 d5 11. exd5 Bf5 12. Nd4 Ne4 13. Nxe4 Bxe4 14. c3 Qxd5
15. Bf3 Bxf3 16. Nxf3 Rfd8 17. Qxd5 Nxd5 18. Be3 Nxe3 19. Rxe3 e6 20. Re2 Kf8
21. Kf1 Ke7 22. Rd2 Rxd2 23. Nxd2 Rd8 24. Ke2 Rd5 25. Rd1 b5 26. axb5 Rxb5 27.
Nc4 Rc5 28. Kd3 e5 29. f3 f5 30. Nb6 Rc6 31. Na4 Ke6 32. b3 h6 33. Kc2 Bf6 34.
c4 Bg5 35. Nc3 Rd6 36. Nd5 e4 37. Re1 Ke5 38. g3 Bd8 39. Kc3 Rd7 40. Re2 h5 41.
Nf4 g5 42. Nd5 g4 43. fxe4 fxe4 44. Nf4 h4 45. Rd2 Rxd2 46. Kxd2 h3 47. Kc3 Bb6
48. Ne2 Bf2 49. Kd2 Bc5 50. Kc3 Bb4+ 51. Kc2 Kf5 52. Nd4+ Kf6 53. Kd1 e3 54.
Nc2 Bd6 55. Nxe3 Kg5 1/2-1/2

[Event "DEM U16w 2004"]
[Site "Willingen GER"]
[Date "2004.06.03"]
[Round "7"]
[White "Nuber, Helene"]
[Black "Albano Jeremias, Bianca"]
[Result "1-0"]
[Termination "normal"]
[Board "6"]
[WhiteElo "2065"]
[BlackElo "1694"]
[PlyCount "65"]
[WhiteFideId "24613045"]
[BlackFideId "24634247"]
[EventCountry "GER"]
[EventRounds "9"]
[EventType "swiss"]
[EventDate "2004.05.29"]

1. e4 e6 2. d4 d5 3. e5 c5 4. c3 Qb6 5. Nf3 Nc6 6. a3 Nge7 7. Bd3 Bd7 8. Bc2
cxd4 9. cxd4 Nf5 10. Bxf5 exf5 11. Nc3 Be6 12. O-O Be7 13. b4 Qc7 14. Ne2 h6
15. Nf4 O-O 16. Be3 Rac8 17. h4 Qd7 18. Qd2 f6 19. Nh5 fxe5 20. dxe5 Rf7 21.
Rac1 a6 22. Rfd1 Bd8 23. Nf4 Ne7 24. Nd4 g5 25. Nfxe6 f4 26. Nxf4 gxf4 27. e6
fxe3 28. Qxe3 Rxc1 29. Rxc1 Qd6 30. exf7+ Kxf7 31. Qf3+ Kg7 32. Qg4+ Kh7 33.
Ne6 1-0

[Event "DEM U16w 2004"]
[Site "Willingen GER"]
[Date "2004.06.03"]
[Round "7"]
[White "Nguyen, Hoa-My"]
[Black "Opaska, Ines"]
[Result "0-1"]
[Termination "normal"]
[Board "7"]
[WhiteElo "1657"]
[BlackElo "1692"]
[PlyCount "50"]
[EventCountry "GER"]
[EventRounds "9"]
[EventType "swiss"]
[EventDate "2004.05.29"]

1. e4 d5 2. exd5 Qxd5 3. Nc3 Qa5 4. d4 c6 5. Bc4 Bf5 6. Nf3 Nd7 7. Bd2 Ngf6 8.
Qe2 e6 9. O-O-O Bb4 10. a3 Bxa3 11. bxa3 Qxa3+ 12. Kb1 Qb4+ 13. Bb3 Qxb3+ 14.
Ka1 Bxc2 15. Rc1 Qa3+ 16. Na2 Bb3 17. Bb4 Qxa2+ 18. Qxa2 Bxa2 19. Kxa2 a5 20.
Bd6 Ne4 21. Ba3 Rc8 22. Rc2 b5 23. Rd1 b4 24. Bb2 a4 25. Ka1 a3 0-1

[Event "DEM U16w 2004"]
[Site "Willingen GER"]
[Date "2004.06.03"]
[Round "7"]
[White "Rath, Alina"]
[Black "Gasch, Franziska"]
[Result "1/2-1/2"]
[Termination "normal"]
[Board "8"]
[WhiteElo "1685"]
[BlackElo "1656"]
[PlyCount "98"]
[WhiteFideId "24607886"]
[BlackFideId "24632139"]
[EventCountry "GER"]
[EventRounds "9"]
[EventType "swiss"]
[EventDate "2004.05.29"]

1. c4 c5 2. Nc3 Nc6 3. g3 g6 4. Bg2 Bg7 5. d3 d6 6. e4 e6 7. Nge2 Nge7 8. Be3
a6 9. Qd2 Nd4 10. Rb1 Ra7 11. O-O O-O 12. Bh6 Nxe2+ 13. Nxe2 d5 14. Bxg7 Kxg7
15. cxd5 exd5 16. Qc3+ Kg8 17. Qxc5 b6 18. Qe3 dxe4 19. dxe4 Rd7 20. Nc3 Re8
21. Rbd1 Qc7 22. Rxd7 Bxd7 23. Rc1 Qb8 24. Qd3 Bc8 25. Qc2 Bb7 26. Qb3 b5 27.
Rd1 Bc6 28. Qb4 Qb7 29. Qd6 Nc8 30. Qf6 Qc7 31. Nd5 Bxd5 32. exd5 Nd6 33. Qf4
Qc2 34. Qd2 Rc8 35. h4 Qxd2 36. Rxd2 Kf8 37. b3 Rc1+ 38. Kh2 Ke7 39. Re2+ Kd7
40. Bh3+ Kd8 41. Bg2 Kd7 42. g4 Ne8 43. Kg3 Nc7 44. Kf4 Kd6 45. Kg5 Rd1 46. Kf6
Rd4 47. f3 Nxd5+ 48. Kxf7 Nf4 49. Rc2 Rd1 1/2-1/2

[Event "DEM U16w 2004"]
[Site "Willingen GER"]
[Date "2004.06.03"]
[Round "7"]
[White "Götze, Nadja"]
[Black "Dauer, Christina"]
[Result "1-0"]
[Termination "normal"]
[Board "9"]
[WhiteElo "1435"]
[BlackElo "1563"]
[PlyCount "47"]
[BlackFideId "24609781"]
[EventCountry "GER"]
[EventRounds "9"]
[EventType "swiss"]
[EventDate "2004.05.29"]

1. e4 e6 2. Nf3 d5 3. e5 c5 4. b4 b6 5. c3 Qd7 6. b5 c4 7. d3 cxd3 8. Bxd3 Nh6
9. O-O Qc7 10. Bb2 Be7 11. Re1 Bb7 12. Nbd2 Nd7 13. Rc1 Ng4 14. c4 Bc5 15. Bd4
dxc4 16. Nxc4 O-O 17. Bxh7+ Kh8 18. Ng5 Nh6 19. Re3 Bd5 20. Rh3 Bxd4 21. Qxd4
Nxe5 22. Qxe5 Qxe5 23. Nxe5 f6 24. Ng6# 1-0

[Event "DEM U16w 2004"]
[Site "Willingen GER"]
[Date "2004.06.03"]
[Round "7"]
[White "Rüdel, Anita"]
[Black "Chin, Karin"]
[Result "0-1"]
[Termination "normal"]
[Board "10"]
[WhiteElo "1556"]
[BlackElo "1864"]
[PlyCount "80"]
[BlackFideId "24608157"]
[EventCountry "GER"]
[EventRounds "9"]
[EventType "swiss"]
[EventDate "2004.05.29"]

1. e4 c5 2. Nf3 Nc6 3. d4 cxd4 4. Nxd4 g6 5. Nc3 Bg7 6. Be3 Nf6 7. Be2 O-O 8.
O-O d5 9. exd5 Nb4 10. Qd2 Nbxd5 11. Nxd5 Nxd5 12. c3 e5 13. Nb3 Nxe3 14. Qxe3
Qc7 15. Rfd1 Bd7 16. Nc5 Bc6 17. Rd2 Rad8 18. Rad1 Rxd2 19. Rxd2 b6 20. Na6 Qe7
21. Nb4 Ba8 22. f3 Rd8 23. Rxd8+ Qxd8 24. Qd3 Qe7 25. Qc4 Bf8 26. Kf1 Bb7 27.
Bd3 Qg5 28. Qg4 Qc1+ 29. Kf2 Qd2+ 30. Kg3 Bxb4 31. Qxb4 Qxd3 32. Qe7 Qd5 33.
Qe8+ Kg7 34. Qe7 Bc8 35. Qxa7 Qd6 36. Kf2 Qd2+ 37. Kf1 Bf5 38. h3 Qe3 39. g4
Qxf3+ 40. Ke1 Bd3 0-1

[Event "DEM U16w 2004"]
[Site "Willingen GER"]
[Date "2004.06.03"]
[Round "7"]
[White "Popovic, Nathalie"]
[Black "Donner, Lioba"]
[Result "1/2-1/2"]
[Termination "normal"]
[Board "11"]
[WhiteElo "1497"]
[BlackElo "1524"]
[PlyCount "80"]
[WhiteFideId "24630292"]
[EventCountry "GER"]
[EventRounds "9"]
[EventType "swiss"]
[EventDate "2004.05.29"]

1. d4 d5 2. c4 e6 3. Nc3 Nf6 4. Bg5 Nbd7 5. Nf3 Be7 6. e3 c6 7. cxd5 exd5 8.
Bd3 Nh5 9. Bxe7 Qxe7 10. O-O O-O 11. Qc2 g6 12. Rab1 a5 13. Nd2 Nb6 14. a3 Ng7
15. b4 axb4 16. Rxb4 Nd7 17. Qb2 b5 18. a4 bxa4 19. Rxa4 Rxa4 20. Nxa4 c5 21.
Nxc5 Nxc5 22. Qb4 Bf5 23. Bxf5 Nxf5 24. Qxc5 Qxc5 25. dxc5 Rc8 26. Rc1 Kf8 27.
Nf3 Nd6 28. Nd2 Ke8 29. Rc2 f5 30. Kf1 Ne4 31. Nxe4 dxe4 32. Ke2 Kd7 33. Kd2
Kc6 34. Kc3 Kd5 35. Kb4 Rb8+ 36. Ka5 Kc6 37. Ka4 Rb5 38. Ka3 Rxc5 39. Rxc5+
Kxc5 40. Kb3 h6 1/2-1/2

[Event "DEM U16w 2004"]
[Site "Willingen GER"]
[Date "2004.06.03"]
[Round "7"]
[White "Janiesch, Maike"]
[Black "Imas, Denisa"]
[Result "1-0"]
[Termination "normal"]
[Board "12"]
[WhiteElo "1361"]
[BlackElo "1063"]
[PlyCount "49"]
[EventCountry "GER"]
[EventRounds "9"]
[EventType "swiss"]
[EventDate "2004.05.29"]

1. d4 e6 2. c4 f5 3. Nf3 Nf6 4. Bg5 Be7 5. Nc3 b6 6. e3 Bb7 7. Be2 O-O 8. O-O
d6 9. Qb3 c5 10. dxc5 dxc5 11. Rfd1 Qc7 12. Nb5 Qc8 13. Bf4 a6 14. Nc7 Ra7 15.
Qxb6 Nc6 16. Ne5 Bd8 17. Nxc6 Bxc6 18. Qxa7 Rf7 19. Qxc5 Bb7 20. Nxa6 Nd7 21.
Qxc8 Bxc8 22. Nc5 Nxc5 23. Rxd8+ Rf8 24. Rxf8+ Kxf8 25. Bd6+ 1-0

[Event "DEM U16w 2004"]
[Site "Willingen GER"]
[Date "2004.06.03"]
[Round "7"]
[White "Tischer, Jana"]
[Black "Nischik, Natascha"]
[Result "1-0"]
[Termination "normal"]
[Board "13"]
[WhiteElo "1721"]
[BlackElo "1300"]
[PlyCount "51"]
[WhiteFideId "24617164"]
[BlackFideId "4633849"]
[EventCountry "GER"]
[EventRounds "9"]
[EventType "swiss"]
[EventDate "2004.05.29"]

1. e4 e6 2. d4 b6 3. Nc3 Bb7 4. Bd3 Bb4 5. a3 Bxc3+ 6. bxc3 d5 7. e5 f6 8. Qh5+
Kf8 9. f4 Qe8 10. Qg4 Nh6 11. Qh3 f5 12. Nf3 Qg6 13. Ng5 Nf7 14. O-O h6 15. Nf3
Qg4 16. Qxg4 fxg4 17. Nh4 Ke8 18. f5 exf5 19. Bxf5 g5 20. Bxg4 Ba6 21. Rf2 Kf8
22. Ng6+ Kg7 23. Nxh8 Nxh8 24. Rf6 Bb7 25. h4 Nf7 26. Bh5 1-0

[Event "DEM U16w 2004"]
[Site "Willingen GER"]
[Date "2004.06.04"]
[Round "8"]
[White "Großmann, Susan"]
[Black "Winkelmann, Elena"]
[Result "1/2-1/2"]
[Termination "normal"]
[Board "2"]
[WhiteElo "1977"]
[BlackElo "1920"]
[PlyCount "108"]
[WhiteFideId "24608220"]
[BlackFideId "24607630"]
[EventCountry "GER"]
[EventRounds "9"]
[EventType "swiss"]
[EventDate "2004.05.29"]

1. d4 d5 2. Nf3 c6 3. c4 e6 4. e3 Nf6 5. Nbd2 Bd6 6. Bd3 Nbd7 7. O-O O-O 8. e4
dxe4 9. Nxe4 Nxe4 10. Bxe4 Nf6 11. Bc2 Re8 12. b3 c5 13. Bb2 h6 14. dxc5 Bxc5
15. Qxd8 Rxd8 16. Rad1 Bd7 17. Ne5 Be8 18. h3 Rac8 19. a3 a5 20. Rd3 b5 21.
Rfd1 Rxd3 22. Bxd3 b4 23. axb4 Bxb4 24. Kf1 Bc6 25. Nxc6 Rxc6 26. Bb1 Kf8 27.
Ke2 Ke7 28. g3 g6 29. Bc1 g5 30. Bd2 Bxd2 31. Rxd2 Nd7 32. Ra2 Rc5 33. Ke3 Nb6
34. Bd3 f6 35. g4 Nd7 36. f3 Kd6 37. Rd2 Ke5 38. Be4 Nb6 39. Bd3 a4 40. bxa4
Nxc4+ 41. Bxc4 Rxc4 42. Ra2 Rc3+ 43. Ke2 Rc6 44. a5 Ra6 45. Ke3 Kd5 46. Kd3 Kc5
47. Kc3 Kb5 48. Kd4 Rd6+ 49. Kc3 Rc6+ 50. Kd3 Rd6+ 51. Kc3 Ka6 52. Ra1 Kb5 53.
Ra2 Ka6 54. Ra1 Kb5 1/2-1/2

[Event "DEM U16w 2004"]
[Site "Willingen GER"]
[Date "2004.06.04"]
[Round "8"]
[White "Ohme, Melanie"]
[Black "Tovmasian, Nelli"]
[Result "1-0"]
[Termination "normal"]
[Board "3"]
[WhiteElo "2000"]
[BlackElo "1612"]
[PlyCount "185"]
[WhiteFideId "4690745"]
[BlackFideId "24611735"]
[EventCountry "GER"]
[EventRounds "9"]
[EventType "swiss"]
[EventDate "2004.05.29"]

1. e4 d6 2. d4 Nf6 3. Nc3 g6 4. Be3 Bg7 5. Qd2 c6 6. Bd3 Nbd7 7. Nf3 c5 8. O-O
cxd4 9. Nxd4 Ng4 10. Nb3 Nxe3 11. Qxe3 O-O 12. Kh1 Ne5 13. Be2 Be6 14. Nd5 Nd7
15. c3 Nf6 16. Rad1 Qd7 17. f4 Rfc8 18. Nxf6+ Bxf6 19. e5 Bg7 20. exd6 exd6 21.
Bf3 Qc7 22. Qd2 Rd8 23. Be4 d5 24. Bb1 Bh6 25. Qf2 f5 26. Nd4 Bf7 27. Qh4 Bg7
28. Rf3 Qb6 29. Qf2 Re8 30. Nb3 Qxf2 31. Rxf2 Re7 32. Kg1 Rae8 33. Rfd2 Re2 34.
Kf1 Rxd2 35. Rxd2 b6 36. Nd4 Re7 37. Kf2 Bf6 38. Bc2 Kf8 39. Bb3 Rd7 40. Kf3 a6
41. Nc6 a5 42. c4 d4 43. Ne5 Bxe5 44. fxe5 Rd8 45. Kf4 a4 46. Bxa4 Bxc4 47. a3
b5 48. Bc2 d3 49. Bb1 Rd4+ 50. Kf3 Ke7 51. b3 Bd5+ 52. Ke3 Re4+ 53. Kxd3 Rxe5
54. Kc3 Ke6 55. Bd3 Bc6 56. g3 Rc5+ 57. Kb4 Rd5 58. a4 bxa4 59. Bc4 axb3 60.
Kxb3 Ke5 61. Bxd5 Bxd5+ 62. Kc3 h5 63. h4 Ke6 64. Rf2 Be4 65. Kd4 Kd6 66. Ra2
Ke6 67. Ra6+ Kf7 68. Ke5 Kg7 69. Ra7+ Kh6 70. Kf6 f4 71. gxf4 Bf5 72. Ra5 Be4
73. Kf7 Bd3 74. Kg8 Bc4+ 75. Kh8 Bd3 76. Ra7 g5 77. fxg5+ Kg6 78. Rd7 Be4 79.
Rd6+ Kf7 80. Rf6+ Ke7 81. Rh6 Bf3 82. Kg7 Bg4 83. Rf6 Ke8 84. Rf1 Ke7 85. g6
Ke6 86. Kh8 Bh3 87. Rf2 Ke7 88. g7 Be6 89. Re2 Kf6 90. Rxe6+ Kxe6 91. g8=Q+ Ke5
92. Qf7 Kd6 93. Qe8 1-0

[Event "DEM U16w 2004"]
[Site "Willingen GER"]
[Date "2004.06.04"]
[Round "8"]
[White "Hofmann, Annett"]
[Black "Nuber, Helene"]
[Result "0-1"]
[Termination "normal"]
[Board "4"]
[WhiteElo "1992"]
[BlackElo "2065"]
[PlyCount "132"]
[WhiteFideId "24603759"]
[BlackFideId "24613045"]
[EventCountry "GER"]
[EventRounds "9"]
[EventType "swiss"]
[EventDate "2004.05.29"]

1. e4 e6 2. d4 d5 3. Nc3 Nf6 4. e5 Nfd7 5. f4 c5 6. Nf3 Nc6 7. Be3 Qb6 8. Na4
Qa5+ 9. c3 Nxd4 10. Nxd4 cxd4 11. b4 Qc7 12. Bxd4 Be7 13. Bd3 b6 14. O-O g6 15.
Nb2 f6 16. Qe2 O-O 17. Rf3 f5 18. Qe1 a5 19. a4 Ba6 20. b5 Bb7 21. Qe3 Bc5 22.
Rc1 Rac8 23. Rff1 Qd8 24. Rfd1 Qe7 25. Be2 Rc7 26. c4 Bxd4 27. Rxd4 Rfc8 28.
Rcd1 Nc5 29. cxd5 Bxd5 30. Nc4 Bxc4 31. Rxc4 Rd7 32. Rxd7 Qxd7 33. Rd4 Qc7 34.
Rd6 Kf7 35. Bc4 Ke7 36. Qd4 Rd8 37. Qf2 Rxd6 38. Qh4+ Ke8 39. exd6 Qxd6 40. Qf6
Qd1+ 41. Bf1 Qd2 42. Qe5 Kf7 43. h3 Nd7 44. Qh8 Qe3+ 45. Kh1 Nf8 46. g3 Qe4+
47. Kh2 Qxa4 48. Qc3 Qa2+ 49. Kg1 Qd5 50. Bc4 Qc5+ 51. Kg2 Nd7 52. Qb3 Qd6 53.
h4 Nc5 54. Qb2 Ne4 55. Be2 Qd2 56. Qxd2 Nxd2 57. Bd1 Ne4 58. Bb3 Nc3 59. Bc4 a4
60. Kf3 a3 61. Ke3 a2 62. Bxa2 Nxa2 63. Kd4 Ke7 64. Kc4 Kd6 65. Kd4 h6 66. Kc4
Nc1 0-1

[Event "DEM U16w 2004"]
[Site "Willingen GER"]
[Date "2004.06.04"]
[Round "8"]
[White "Neldner, Uta"]
[Black "Reiske, Anne"]
[Result "1-0"]
[Termination "normal"]
[Board "5"]
[WhiteElo "1683"]
[BlackElo "1842"]
[PlyCount "129"]
[WhiteFideId "24604070"]
[BlackFideId "24635472"]
[EventCountry "GER"]
[EventRounds "9"]
[EventType "swiss"]
[EventDate "2004.05.29"]

1. e4 e5 2. Nf3 Nf6 3. Nc3 Bb4 4. Nxe5 Qe7 5. Nd3 Bxc3 6. dxc3 Qxe4+ 7. Be2 O-O
8. Be3 d6 9. Bf3 Qf5 10. O-O Nc6 11. c4 Ne5 12. Nxe5 dxe5 13. b3 c6 14. h3 Qg6
15. Kh1 Bf5 16. Rc1 Rfd8 17. Qe1 Bxc2 18. Qb4 Bd3 19. Rfe1 e4 20. Bd1 Rd7 21.
a4 h5 22. Qc5 a6 23. Bd4 h4 24. Be3 Re8 25. Bg5 Rde7 26. Bxh4 Qh6 27. Bg5 Qg6
28. Be3 Nd7 29. Qb4 Ne5 30. Bc5 Re6 31. Be3 R6e7 32. Bc5 Rd7 33. Qc3 f6 34. Qd2
Bxc4 35. Qc3 Rd3 36. Qb4 Bf7 37. Bc2 Rd7 38. Bxe4 Qh5 39. Bc2 Bd5 40. Re3 Be6
41. Rce1 Bd5 42. f4 Red8 43. fxe5 Bxg2+ 44. Kxg2 Rd2+ 45. Kh1 Rxc2 46. Bd6 fxe5
47. Qe4 Rd2 48. Bxe5 Rd1 49. Qg4 Rxe1+ 50. Rxe1 Qf7 51. Qc4 Rd5 52. Rf1 Qe6 53.
Bg3 Qxh3+ 54. Bh2 Qe6 55. Qf4 Qe2 56. Qf3 Qc2 57. Rf2 Rd1+ 58. Kg2 Qg6+ 59. Bg3
Rd8 60. Qf5 Qd6 61. Bxd6 Ra8 62. Qf7+ Kh7 63. Kg3 Kh6 64. Bf4+ Kh7 65. Rh2# 1-0

[Event "DEM U16w 2004"]
[Site "Willingen GER"]
[Date "2004.06.04"]
[Round "8"]
[White "Opaska, Ines"]
[Black "Götze, Nadja"]
[Result "1-0"]
[Termination "normal"]
[Board "6"]
[WhiteElo "1692"]
[BlackElo "1435"]
[PlyCount "53"]
[EventCountry "GER"]
[EventRounds "9"]
[EventType "swiss"]
[EventDate "2004.05.29"]

1. f4 Nf6 2. b3 g6 3. Bb2 Bg7 4. c4 d6 5. e4 Nc6 6. e5 dxe5 7. fxe5 Ng4 8. d4
Ne3 9. Qd2 Nb4 10. Na3 Nxf1 11. Kxf1 Nc6 12. Nf3 Bg4 13. Qe3 Qd7 14. d5 Bxf3
15. dxc6 Bxg2+ 16. Kxg2 Qg4+ 17. Qg3 Qe2+ 18. Qf2 Qe4+ 19. Qf3 Qxf3+ 20. Kxf3
bxc6 21. Nc2 Rd8 22. Rad1 O-O 23. Nb4 c5 24. Nc6 Ra8 25. Nxe7+ Kh8 26. Rd7 Rfe8
27. Rhd1 1-0

[Event "DEM U16w 2004"]
[Site "Willingen GER"]
[Date "2004.06.04"]
[Round "8"]
[White "Chin, Karin"]
[Black "Albano Jeremias, Bianca"]
[Result "1/2-1/2"]
[Termination "normal"]
[Board "7"]
[WhiteElo "1864"]
[BlackElo "1694"]
[PlyCount "69"]
[WhiteFideId "24608157"]
[BlackFideId "24634247"]
[EventCountry "GER"]
[EventRounds "9"]
[EventType "swiss"]
[EventDate "2004.05.29"]

1. e4 e6 2. d4 d5 3. Nc3 Nf6 4. Bg5 Bb4 5. e5 h6 6. Bd2 Bxc3 7. bxc3 Ne4 8. Qg4
g6 9. Bd3 Nxd2 10. Kxd2 c5 11. h4 Nc6 12. Qf4 c4 13. Be2 Qe7 14. a3 Bd7 15. Nf3
O-O-O 16. Nh2 h5 17. Nf3 Rdf8 18. Qf6 Qxf6 19. exf6 Nb8 20. a4 Bc6 21. Ne5 Nd7
22. Nxd7 Bxd7 23. a5 Re8 24. f4 Kc7 25. Ra2 Rc8 26. Rb1 a6 27. Ke3 Bb5 28. Rab2
b6 29. axb6+ Kxb6 30. Kd2 Ra8 31. Ra1 Rhb8 32. Rab1 Kc6 33. Ra1 Kc7 34. Rab1
Kc6 35. Ra2 1/2-1/2